000 00305nam a22001337a 4500
008 170602b xxu||||| |||| 00| 0 eng d
020 _a9781594031885
041 _aeng
080 _a93
100 _a17
101 _aSHH
245 _aCAMELAT AND THE CULTURAL REVOLUTION
_cPIERESON. J
942 _2udc
_cBK
999 _c15762
_d15762